000 00763nam0a22002531 4500
001 rc\3722611
005 20250610064825.0
021 _aRU
_b[69-61676]
035 _a(NLR Aleph) 007774841
090 _a7506460
_c7506460
100 _a20130115d1969 |||y0rusy50 ca
101 0 _arus
102 _aRU
105 _aa z |||a|
200 1 _aНаедине с Россией
_eКнига стихов
_f[Ил.: К.Е. Дорон
210 _aМосква
_cСов. Россия
_d1969]
215 _a93 с.
_cил.
_d14
700 1 _aСеребряков
_bГ.В.
_f1937-
_gГеннадий Викторович
702 1 _aДорон
_bК.Е.
_4440
801 0 _aRU
_bNLR
_gpsbo
801 1 _aRU
_bELAR
_2rusmarc
852 _aNLR
_j69-1/594
942 _cBOOK
980 _aNB